| 000 | 00802nam a22001817a 4500 | ||
|---|---|---|---|
| 999 |
_c64183 _d64183 |
||
| 003 | Ge_BSU | ||
| 005 | 20260427113205.0 | ||
| 008 | 260427s2008 ge ||||| |||| 00| 0 geo d | ||
| 020 | _a9789941121807 | ||
| 041 | _ageo | ||
| 080 | _a338.22 ს-21 | ||
| 100 |
_aსამადაშვილი, უშანგი _96430 |
||
| 245 |
_aბიზნესი ყველასათვის კითხვებსა და პასუხებში = Business for everyone in questions and answers / _cუშანგი სამადაშვილი; [რედ. თეიმურაზ შენგელია]. |
||
| 264 |
_aთბ. : _bუნივერსალი, _c2008. |
||
| 300 |
_a132გვ. ; _b20სმ. |
||
| 653 | _aბიზნესი | ||
| 942 |
_2udc _cᲬᲘᲒᲜᲘ |
||